Statistics for Last 10 English born managers to win League title

Click here to take the quiz!

General Stats

  • This quiz has been taken 13 times
  • The average score is 5 of 10

Answer Stats

YearAnswer% Correct
1978Clough
82%
1992Wilkinson
82%
1968Mercer
64%
1983Paisley
64%
1987Kendall
55%
1984Fagan
45%
1971Mee
45%
1974Revie
45%
1981Saunders
18%
1970Catterick
0%

Score Distribution

Percentile by Number Answered

Percent of People with Each Score

Your Score History

You have not taken this quiz